000 00641nam a2200217 i 4500
001 63225
003 ES-MaACL
007 t|
008 031203s1954 sp ||||1| spa d
080 _a821.134.2-31"19"
100 1 _aFernández Santos, Jesús.
_950079
245 1 4 _aLos bravos
_b: novela /
_cJesús Fernández Santos.
260 _aValencia :
_bCastalia,
_c1954.
300 _a222 p. ;
_c20 cm.
490 1 _aProsistas contemporáneos
500 _aBiblioteca Juan Andrade.
830 0 _aProsistas contemporáneos
_9182563
852 _aES-MaACL
_jC-7929
_bR.36179
852 _aES-MaACL
_jAND-585
_bR.109877
999 _c63225
_d63225